书目信息 |
| 题名: |
中国音乐学院社会艺术水平考级全国通用教材
|
|
| 作者: | ;中国音乐学院 主编 | |
| 分册: | 乐理、节奏、听音、视唱(第一、二级) | |
| 出版信息: | 北京 中国青年出版社 2014 |
|
| 页数: | 176页 | |
| 开本: | 30cm | |
| 丛书名: | ||
| 单 册: | ||
| 中图分类: | J6 , J613 | |
| 科图分类: | ||
| 主题词: | 音乐--考核--教材 , 基本乐理--考核--教材 | |
| 电子资源: | ||
| ISBN: | 978-7-5006-5832-0 | |
| 000 | 00928nam0 2200253 450 | |
| 001 | 339235 | |
| 005 | 20150707143331.76 | |
| 010 | @a978-7-5006-5832-0@dCNY48.00 | |
| 100 | @a20050913d2004 em y0chiy50 ea | |
| 101 | 0 | @achi |
| 102 | @aCN@b110000 | |
| 105 | @ag z 000yy | |
| 106 | @ar | |
| 200 | 1 | @a中国音乐学院社会艺术水平考级全国通用教材@Azhong guo yin yue xue yuan she hui yi shu shui ping kao ji quan guo tong yong jiao cai@e基本乐科考级教程@i乐理、节奏、听音、视唱(第一、二级)@f中国音乐学院视唱练耳教研室主编 |
| 210 | @a北京@c中国青年出版社@d2014 | |
| 215 | @a176页@d30cm | |
| 330 | @a本书为基本乐科考级教程, 内容包括乐理知识、节奏练习、听觉练习、视唱、乐曲分析等。 | |
| 606 | 0 | @a音乐@x考核@j教材 |
| 606 | 0 | @a基本乐理@x考核@j教材 |
| 690 | @aJ6@v5 | |
| 690 | @aJ613@v5 | |
| 711 | 02 | @a中国音乐学院@Azhong guo yin yue xue yuan@b视唱练耳教研室@4主编 |
| 801 | 0 | @aCN@b卓展宏图@c20150525 |
| 905 | @dJ6@e647@f4 | |
| 中国音乐学院社会艺术水平考级全国通用教材:基本乐科考级教程.乐理、节奏、听音、视唱(第一、二级)/中国音乐学院视唱练耳教研室主编.-北京:中国青年出版社,2014 |
| 176页;30cm |
| ISBN 978-7-5006-5832-0:CNY48.00 |
| 本书为基本乐科考级教程, 内容包括乐理知识、节奏练习、听觉练习、视唱、乐曲分析等。 |
| ● |
| 相关链接 |
|
|
|
|
正题名:中国音乐学院社会艺术水平考级全国通用教材
索取号:J6/647
 
预约/预借
| 序号 | 登录号 | 条形码 | 馆藏地/架位号 | 状态 | 备注 |
| 1 | 864211 | 208642110 | 第一样本阅览室/ [索取号:J6/647] | 在馆 | |
| 2 | 864212 | 208642129 | 第一借阅区/ [索取号:J6/647] | 在馆 | |
| 3 | 864213 | 208642138 | 第一借阅区/ [索取号:J6/647] | 在馆 | |
| 4 | 864214 | 208642147 | 密集书库-音乐系/ [索取号:J6/647] | 在馆 |